Catálogo - Centro de Recursos para el Aprendizaje y la Investigación

Volver al Sitio - CRAI Biblioteca

Constitución política de los Estados Unidos Mexicanos (Registro nro. 113969)

Detalles MARC
000 -CABECERA
campo de control de longitud fija 00907nam a2200229 4500
001 - NÚMERO DE CONTROL
campo de control 113969
003 - IDENTIFICADOR DEL NÚMERO DE CONTROL
campo de control DR-UNIBE
005 - FECHA Y HORA DE LA ÚLTIMA TRANSACCIÓN
campo de control 20250730062553.0
008 - DATOS DE LONGITUD FIJA--INFORMACIÓN GENERAL
campo de control de longitud fija 250729b2010 mx ||||| |||| 00| 0 spa d
020 ## - NÚMERO INTERNACIONAL ESTÁNDAR DEL LIBRO
Número Internacional Estándar del Libro 9786074681635
040 ## - FUENTE DE LA CATALOGACIÓN
Centro catalogador/agencia de origen BIBLIOTECA UNIBE
Lengua de catalogación spa
Centro/agencia transcriptor BIBLIOTECA UNIBE
Normas de descripción rda
041 ## - CÓDIGO DE LENGUA
Código de lengua del texto/banda sonora o título independiente spa
082 ## - NÚMERO DE LA CLASIFICACIÓN DECIMAL DEWEY
Número de edición 22
Número de clasificación 342.972 M611 2010
110 #0 - ENTRADA PRINCIPAL--NOMBRE DE ENTIDAD CORPORATIVA
Nombre de entidad corporativa o nombre de jurisdicción como elemento de entrada México. Leyes, decretos, etc.
Término indicativo de función/relación autor
9 (RLIN) 28826
245 10 - MENCIÓN DE TÍTULO
Título Constitución política de los Estados Unidos Mexicanos
250 ## - MENCIÓN DE EDICIÓN
Mención de edición Cuarta edición
260 ## - PUBLICACIÓN, DISTRIBUCIÓN, ETC.
Lugar de publicación, distribución, etc. México:
Nombre del editor, distribuidor, etc. Suprema Corte de Justicia de la Nación,
Fecha de publicación, distribución, etc. 2010
300 ## - DESCRIPCIÓN FÍSICA
Extensión xv, 747 páginas :
Dimensiones 9 x 6 m
505 ## - NOTA DE CONTENIDO CON FORMATO
Nota de contenido con formato Presentación | <br/>Título Primero | <br/>Título Segundo | <br/>Título Tercero | <br/>Título Cuarto | <br/>Título Quinto | <br/>Título Sexto | <br/>Título Séptimo | <br/>Título Octavo | <br/>Título Noveno | <br/>Artículos transitorios
651 #7 - PUNTO DE ACCESO ADICIONAL DE MATERIA--NOMBRE GEOGRÁFICO
Nombre geográfico México
Subdivisión general Constitución
9 (RLIN) 197787
942 ## - ELEMENTOS DE PUNTO DE ACCESO ADICIONAL (KOHA)
Fuente del sistema de clasificación o colocación Sistema de Clasificación Decimal Dewey
Tipo de ítem Koha Libro (general)
Existencias
Estado de retiro Estado de pérdida Fuente del sistema de clasificación o colocación No para préstamo Código de colección Localización permanente Fecha de adquisición Total de préstamos Signatura topográfica completa Código de barras Fecha visto por última vez Número de copia Precio válido a partir de Tipo de ítem Koha
  Disponible Sistema de Clasificación Decimal Dewey   General Biblioteca Central UNIBE 10/06/2025   342.972 M611 2010 250933 29/07/2025 Ej. 1 29/07/2025 Libro (general)